| 000 | 00772nam a2200241 i 4500 | ||
|---|---|---|---|
| 001 | bg | ||
| 245 | 0 | 0 |
_aWielka encyklopedia PWN. _n1, _pA-analiza nakładów / _c[red. nacz. Jan Wojnowski ; aut., konsult., recenzenci Waldemar Affelt et al.]. |
| 260 |
_aWarszawa : _bWydaw. Naukowe PWN, _ccop. 2001. |
||
| 300 |
_a576 s. : _bil. (w tym kolor.), mapy ; _c30 cm. |
||
| 500 | _aNazwy aut. na s. 573-576. | ||
| 650 | 9 | _aEncyklopedia polska | |
| 700 | 1 |
_aWOJNOWSKI, Jan. _eRed. |
|
| 700 | 1 | _aAFFELT, Waldemar J. | |
| 020 | _a8301133589 (t. 1) | ||
| 020 | _a8301133570 (30 t.) | ||
| 040 | _cBPK | ||
| 041 | 0 | _apl | |
| 080 | _a0/9(03) | ||
| 920 | _a83-01-13358-9 (t. 1) | ||
| 920 | _a83-01-13357-0 (30 t.) | ||
| 942 | _cKS | ||
| 008 | s pl f |000 0 pol | ||
| 999 |
_c39756 _d39756 |
||
| 856 |
_uhttp://koha.tu.koszalin.pl/cgi-bin/koha/opac-detail.pl?biblionumber=39756 _yKatalog online BPK |
||